Gaming Quiz

Random Gaming or State Quiz

Strongest pokemon (no legendaries) Quiz Stats

 Plays Quiz not verified by Sporcle

Challenge
Share
Tweet
Embed
Score 0/53 Timer 12:00
0 Plays Today
ranking pokemon % Correct
6dragonite
89.7%
2slaking
75.6%
5salamence
69.2%
5metagross
65.4%
7garchomp
64.1%
6tyranitar
62.8%
7machamp
61.5%
7scizor
60.3%
4rhyperior
57.7%
1rampardos
55.1%
3haxorus
47.4%
7mamoswine
47.4%
8gallade
47.4%
8gyarados
46.2%
10blaziken
46.2%
12kabutops
44.9%
9electivire
41%
8honchkrow
41%
7breloom
39.7%
4archeops
38.5%
10staraptor
37.2%
10weavile
37.2%
7rhydon
34.6%
5gigalith
33.3%
10sharpedo
33.3%
8pinsir
32.1%
9emboar
32.1%
ranking pokemon % Correct
8heracross
30.8%
10crawdaunt
30.8%
10hitmonlee
29.5%
12cacturne
29.5%
5escavalier
25.6%
4darmanitan
24.4%
5excadrill
24.4%
10luxray
24.4%
7flareon
23.1%
9braviary
21.8%
7absol
20.5%
10hariyama
20.5%
8armaldo
19.2%
8cranidos
19.2%
7kingler
16.7%
8sawk
16.7%
7ursaring
15.4%
8mienshao
15.4%
11fraxure
14.1%
12zangoose
11.5%
10donphan
10.3%
10granbull
9%
4conkledurr
9%
12eelektross
9%
8bisharp
7.7%
12bannette
5.1%

You're not logged in!

Compare scores with friends on all Sporcle quizzes.
Join for Free
OR
Log In

You Might Also Like...

Show Comments

Extras

Top Quizzes Today


Score Distribution

Your Account Isn't Verified!

In order to create a playlist on Sporcle, you need to verify the email address you used during registration. Go to your Sporcle Settings to finish the process.

Report this User

Report this user for behavior that violates our Community Guidelines.

Details: